Disney Animatiefilms - Statistieken

Algemene statistieken
  • Deze quiz is 397 keer genomen
    265 sinds de laatste reset
  • De gemiddelde score is 13 van 61
Antwoordstatistieken
Jaar Film % Correct
2013 Frozen
69%
1950 Assepoester
68%
1991 Belle en het Beest
60%
1959 Doornroosje
60%
2010 Rapunzel
58%
1992 Aladdin
52%
1989 De Kleine Zeemeermin
51%
2019 Frozen 2
48%
1998 Mulan
44%
1994 De Leeuwenkoning
43%
1942 Bambi
41%
2021 Encanto
40%
1940 Pinokkio
38%
1995 Pocahontas
34%
2016 Vaiana
34%
1961 101 Dalmatiërs
32%
1953 Peter Pan
32%
1941 Dumbo
30%
1999 Tarzan
30%
1955 Lady en de Vagebond
27%
1940 Fantasia
25%
1997 Hercules
25%
1970 De Aristokatten
24%
1967 Jungle Boek
23%
1937 Sneeuwwitje en de 7 Dwergen
19%
1973 Robin Hood
18%
1951 Alice in Wonderland
16%
1977 De Reddertjes
15%
2008 Bolt
14%
2021 Raya and the Last Dragon
14%
2009 De Prinses en de Kikker
13%
2012 Wreck-It Ralph
13%
2014 Big Hero 6
12%
2003 Brother Bear
12%
1996 De Klokkenluider van de Notre Dame
12%
1981 Frank en Frey
12%
2016 Zootropolis
12%
2011 Winnie de Poeh
11%
1999 Fantasia 2000
8%
2002 Lilo & Stitch
7%
2000 Dinosaur
6%
1988 Oliver & Co.
6%
1985 Taran en de toverketel
6%
2005 Chicken Little
5%
1944 De Drie Caballeros
5%
1986 De Speurneuzen
5%
2004 Paniek op de prairie
5%
2018 Ralph Breaks the Internet
5%
2022 Strange World
5%
2007 Meet the Robinsons
4%
2002 Piratenplaneet
4%
1947 Vrij en Vrolijk
4%
1990 De Reddertjes in kangoeroeland
3%
2000 Keizer Kuzco
3%
1948 Melody Time
3%
1942 Saludos Amigos
3%
2001 Atlantis: De Verzonken Stad
2%
1946 Make Mine Music
2%
1949 De avonturen van Ichabod en meneer Pad
1%
1977 Het Grote Verhaal van Winnie de Poeh
1%
1963 Merlijn de Tovernaar
1%
Geen overeenkomende quizzen gevonden
Scoreverdeling
Procent van Mensen met Elke Score
Percentiel versus Aantal Correcte Antwoorden
Uw Scoregeschiedenis
U heeft deze quiz nog niet genomen sinds de laatste reset